Values strategies for classroom teachers /

This book is about: Values exploration in schools; Buiding values exploration into programs; Values processes; Identifying and clarifying personal values; ...

Đã lưu trong:
Sonraí Bibleagrafaíochta
Formáid: Leabhar
Teanga:English
Foilsithe: Hawthorn, Vic. : Australian Council for Educational Research, 1994.
Ábhair:
Clibeanna: Cuir Clib Leis
Gan Chlibeanna, Bí ar an gcéad duine leis an taifead seo a chlibeáil!
Thư viện lưu trữ: Mạng thư viện Đại học Đà Nẵng
LEADER 01335cam a2200409 i 4500
001 000049148
003 8879
005 20030312081850.0
008 010326|1994 vm 000 eng
020 |a 0864311117 
040 |a IRC  |c IRC  |d IRC 
041 0 |a eng 
082 1 4 |a 373.0114  |b Va-S 
245 0 0 |a Values strategies for classroom teachers /  |c edited by Marion Lemin, Helen Potts, Pam Welsford. 
260 |a Hawthorn, Vic. :  |b Australian Council for Educational Research,  |c 1994. 
300 |a xii, 202 p. :  |b ill. ;  |c 24cm. 
520 3 |a This book is about: Values exploration in schools; Buiding values exploration into programs; Values processes; Identifying and clarifying personal values; ... 
630 0 4 |a Education. 
630 0 4 |a Ethics. 
630 0 4 |a Secondary education. 
630 0 4 |a Moral education. 
630 0 4 |a Values. 
630 0 4 |a Conduct of life. 
650 0 4 |a Moral education (Secondary) 
650 0 4 |a Values  |x Study and teaching (Secondary) 
650 0 4 |a Ethics  |x Study and teaching (Secondary) 
650 0 4 |a Conduct of life  |x Study and teaching (Secondary) 
OWN |a DUT 
999 |a From the UDN01 
TYP |a Monograph 
TYP |a Printed language 
980 |a Mạng thư viện Đại học Đà Nẵng